| 000 | 00871aam a2200241 4500 | ||
|---|---|---|---|
| 999 |
_c332524 _d332524 |
||
| 003 | BLK | ||
| 005 | 20250208120649.0 | ||
| 008 | 181010b bu ||||| |||| 00| 0 bu d | ||
| 020 | _a9786197055597 | ||
| 040 | _aBLK | ||
| 041 |
_aBUL _cBUL |
||
| 080 |
_aРуска литература _b821.161.1 _x-31 _z821.161.1-31 |
||
| 100 |
_aАбгарян, Нарине _eпърви автор _91299 |
||
| 139 |
_aАбгарян, Нарине _bА 12 |
||
| 245 |
_aМанюня пише фантЪстичен роман _bРоман _cНарине Абгарян |
||
| 260 |
_bЛабиринт _c2019 _aСофия _fСимолини 94 _g2018 |
||
| 300 |
_a312 с. _c20 см |
||
| 380 | _aX | ||
| 700 |
_91121 _aМасларова, Емилия _eпрев. от рус. |
||
| 852 |
_bП _cП 89-31/А 12 |
||
| 942 |
_cKNG _2udc _n0 _053 |
||
| 944 |
_k30575 _lМартин Енчев |
||